|
|
|
|
| LEADER |
00000cam a2200000 7i4500 |
| 001 |
0000000939 |
| 005 |
20020307.0 |
| 020 |
0 |
0 |
|a 8186247033
|
| 090 |
0 |
0 |
|a 633.58
|b CON 1994
|
| 110 |
1 |
0 |
|a CONSULTATIVE Meeting On Methodology for Trials of Bamboo and Rattan (
|k 1994
|j Universiti Pertanian Malaysia)
|
| 245 |
1 |
0 |
|a Methodologies for trials of bamboo and rattan :
|b report of a consultative meeting 23-25 February 1994
|
| 260 |
0 |
0 |
|a New Delhi :
|b International Network for Bamboo and Rattan ,
|c 1994
|
| 300 |
|
|
|a 78 p. :
|b ill. ;
|c 21 cm.
|
| 440 |
0 |
0 |
|a Technical report; n. 4
|
| 650 |
0 |
0 |
|a Bamboo
|x Congresses
|
| 650 |
0 |
0 |
|a Rattan
|x Congresses
|
| 710 |
1 |
1 |
|a International Network for Bamboo and Rattan (INBAR)
|
| 710 |
1 |
1 |
|a Universiti Pertanian Malaysia
|
| 998 |
|
|
|a JPSM
|
| 999 |
|
|
|a 0000002292
|b Monograph
|c Open Shelf
|e Default branch
|
| 999 |
|
|
|a 0000006815
|b Monograph
|c Open Shelf
|e Default branch
|